Europäische Flughäfen mit mehr als 100 Flugzielen - Statistiken

Allgemein
  • Dieses Quiz wurde 49 mal gespielt
    43 seit der letzten Aktualisierung
  • Das Durchschnittsergebnis liegt bei 49 aus 64
Antwortstatistiken
Stadt % Korrekt
Amsterdam
100%
Berlin
100%
Frankfurt
100%
Kopenhagen
100%
Rom
100%
Barcelona
97%
London - GTW
97%
London - LHR
97%
London - LTN
97%
London - STN
97%
Madrid
97%
München
97%
Warschau
97%
Wien
97%
Hamburg
94%
Köln
94%
Lissabon
94%
Mailand - BGY
94%
Mailand - MPX
94%
Oslo
94%
Paris - CDG
94%
Paris - ORY
94%
Stockholm
94%
Athen
91%
Brüssel - BRU
91%
Brüssel - CRL
91%
Dublin
91%
Helsinki
91%
Moskau
91%
Zürich
91%
Budapest
89%
Bukarest
89%
Düsseldorf
89%
Istanbul
89%
Marseille
86%
Porto
86%
Stuttgart
86%
Prag
83%
Manchester
80%
Lyon
77%
Neapel
74%
Belgrad
69%
Birmingham
69%
Edinburgh
69%
St. Petersburg
66%
Krakau
63%
Palermo
63%
Palma de Mallorca
63%
Basel
57%
Valencia
54%
Genf
51%
Malaga
51%
Nizza
49%
Heraklion
46%
Luxemburg
46%
Bologna
40%
Tirana
40%
Valetta
40%
Alicante
34%
Bari
31%
Bristol
29%
Catania
29%
Rhodos
20%
Korfu
14%
Keine übereinstimmenden Quizze gefunden
Verteilung der Resultate
Anzahl Personen mit jedem Resultat
Perzentil nach korrekt beantworteten Fragen
Ihre Resultats-Entwicklung
Sie haben dieses Quiz seit der letzten Aktualisierung nicht gespielt